01043cam a22002531 4500001001300000003000400013005001700017008004100034010001700075035002000092040004300112042001200155050002600167082001000193100002800203245025900231260004800490300002900538410006900567410007700636650004200713650001700755999001700772l 54000143 DLC20260227111544.0850610s1954 dcua f000 0 eng c al 54000143  a(OCoLC)12138591 aU.S. Dept. f LaborcAUdAUdOCoLCdDLC apremarc00aHD8051b.A62 no. 1167 a306.91 aWiener, Rose Kleinberg.10aEmployment outlook in the social sciences;beconomics, political science, history, sociology, statistics, anthropology, fields of employment, educational requirements, employment outlook, earnings.c[Prepared] in cooperation with Veterans Administration. aWashington,bU.S. Govt. Print. Off.c[1954] av, 66 p.billus.c26 cm.10aUnited States.bBureau of Labor Statistics.tBulletinvno. 1167.10aUnited States.bBureau of Labor Statistics.tOccupational outlook series 0aSocial sciencesxVocational guidance. 0aOccupations. c36854d36854